[Event "XXXIII Festival Conca della Presolana Magistrale"]
[Site "Bratto - Castione della Presolana ITA"]
[Date "2013.08.18"]
[Round "2"]
[White "Janev, Evgeni"]
[Black "Madiai, Federico"]
[WhiteElo "2451"]
[BlackElo "2203"]
[Result "1/2-1/2"]
[PlyCount "132"]
[EventDate "2013.08.17"]

1. e4 e5 2. Nf3 Nc6 3. Bb5 a6 4. Ba4 Nf6 5. O-O b5 6. Bb3 Be7 7. Re1 O-O 8. h3
d6 9. c3 Na5 10. Bc2 d5 11. exd5 e4 12. Bxe4 Nxe4 13. Rxe4 Bb7 14. d4 Bxd5 15.
Re1 Bd6 16. Nbd2 Re8 17. Rxe8+ Qxe8 18. Nf1 Bb7 19. b3 Rd8 20. Bd2 Nc6 21. c4
Qe4 22. Be3 Ba3 23. Ng3 Qg6 24. d5 f6 25. Bf4 Ne5 26. Bxe5 fxe5 27. Nxe5 Qd6
28. Ng4 c6 29. Nf5 Qf8 30. Nd4 Qe8 31. Ne6 Rd6 32. Nf4 cxd5 33. cxd5 Qe5 34.
Qd2 Bb4 35. Qe3 Qxe3 36. Nxe3 g5 37. Nh5 Kf7 38. Rd1 Bc5 39. Ng3 Bxe3 40. fxe3
Rxd5 41. Rc1 Rd7 42. Rc2 Ke6 43. Kf2 Rf7+ 44. Ke2 Kd6 45. b4 h6 46. a3 Bc6 47.
e4 Bb7 48. Kd2 h5 49. Rc5 h4 50. Nf5+ Ke6 51. Ke3 Kd7 52. Re5 Rf6 53. Nd4 Rf1
54. Nb3 Kd6 55. Rxg5 Re1+ 56. Kd2 Rxe4 57. Nc5 Re7 58. Rg4 Bd5 59. Rxh4 Bxg2
60. Nxa6 Rf7 61. Rh6+ Ke7 62. Nc7 Rf2+ 63. Ke3 Rf3+ 64. Kd4 Rxa3 65. h4 Rb3 66.
Ke5 Re3+ 1/2-1/2

[Event "XXXIII Festival Conca della Presolana Magistrale"]
[Site "Bratto - Castione della Presolana ITA"]
[Date "2013.08.18"]
[Round "2"]
[White "Negro, Roberto"]
[Black "Levin, Felix"]
[WhiteElo "2191"]
[BlackElo "2478"]
[Result "0-1"]
[PlyCount "88"]
[EventDate "2013.08.17"]

1. c4 e5 2. g3 Nc6 3. Nc3 Bc5 4. Bg2 d6 5. e3 Nge7 6. Nge2 a6 7. b3 Ba7 8. Bb2
O-O 9. d3 Be6 10. Nd5 Ng6 11. Nec3 Nb8 12. h4 h6 13. h5 Nh8 14. Qe2 c6 15. Nb4
Qa5 16. Nc2 d5 17. Rh4 Rd8 18. Kf1 dxc4 19. dxc4 f6 20. b4 Qc7 21. c5 Nf7 22.
a3 a5 23. Kg1 Na6 24. Ne1 Qe7 25. Na4 axb4 26. axb4 Nc7 27. Nc3 Bb8 28. Rxa8
Nxa8 29. Be4 f5 30. Bb1 e4 31. Qc2 Ng5 32. Ne2 Nc7 33. Nd4 Bc8 34. Kg2 Kh8 35.
Ba1 Nb5 36. Nxb5 cxb5 37. c6 bxc6 38. Qxc6 Be5 39. Bxe5 Qxe5 40. Ba2 Bd7 41.
Qc1 Ra8 42. Qb1 Qc3 43. Nc2 Nf3 44. Rh1 Nd2 0-1

[Event "XXXIII Festival Conca della Presolana Magistrale"]
[Site "Bratto - Castione della Presolana ITA"]
[Date "2013.08.18"]
[Round "2"]
[White "Sulava, Nenad"]
[Black "Satta, Vladimiro"]
[WhiteElo "2480"]
[BlackElo "2210"]
[Result "1/2-1/2"]
[PlyCount "185"]
[EventDate "2013.08.17"]

1. Nf3 g6 2. e4 Bg7 3. d4 d6 4. Be3 Nf6 5. Nc3 c6 6. Qd2 Qa5 7. O-O-O Nbd7 8.
Kb1 b5 9. e5 dxe5 10. dxe5 Ng4 11. e6 Nde5 12. Nxe5 Bxe5 13. exf7+ Kxf7 14. Ne4
Qxd2 15. Bxd2 Bf5 16. Bd3 Rhf8 17. Rde1 Kg8 18. f3 Nf6 19. Nc5 Bd6 20. Ne6 Bxe6
21. Rxe6 Nd5 22. c4 Nf4 23. Bxf4 Rxf4 24. c5 Kf7 25. Rhe1 Bxc5 26. Rxc6 Bb4 27.
Re2 a6 28. Be4 Ra7 29. g4 Rf6 30. Rc8 Kg7 31. g5 Rf8 32. Rc6 Rd8 33. h4 Rd1+
34. Kc2 Rh1 35. Bd5 Rxh4 36. Rc8 h6 37. gxh6+ Rxh6 38. Re6 Bd6 39. Rg8+ Kh7 40.
Rgxg6 Rxg6 41. Be4 Rc7+ 42. Kd3 Kg7 43. Rxg6+ Kf7 44. Rg2 Be5 45. Bd5+ Kf6 46.
Be4 Kf7 47. Bg6+ Kf6 48. Bh5 Kf5 49. Bg4+ Kf6 50. Re2 Rc4 51. b3 Rc1 52. Ke3 a5
53. f4 Bd6 54. Bd7 b4 55. f5 Rc3+ 56. Ke4 Rg3 57. Kd5 Rc3 58. Re6+ Kf7 59. Rg6
Rg3 60. Be6+ Kf8 61. Rh6 Kg7 62. Rh5 Rg2 63. Bd7 Rd2+ 64. Kc6 Rc2+ 65. Kb5 Rxa2
66. Rg5+ Kh8 67. Be6 Ra1 68. Kc6 Be5 69. Kd7 Bf6 70. Rg6 Rc1 71. Ke8 Rd1 72.
Kf7 Rh1 73. Rg2 Kh7 74. Ra2 Kh6 75. Rxa5 Kg5 76. Rb5 Rh4 77. Bc4 Rf4 78. Be6
Rh4 79. Ke8 Rd4 80. Rb7 Rh4 81. Rc7 Rd4 82. Kf7 Rh4 83. Rc1 Kf4 84. Rf1+ Ke5
85. Re1+ Kd6 86. Rd1+ Rd4 87. Re1 Rh4 88. Bc4 Rxc4 89. bxc4 b3 90. Re3 b2 91.
Rb3 Kc5 92. Rxb2 Bxb2 93. Kxe7 1/2-1/2

[Event "XXXIII Festival Conca della Presolana Magistrale"]
[Site "Bratto - Castione della Presolana ITA"]
[Date "2013.08.18"]
[Round "2"]
[White "Xia, Jie"]
[Black "Sveshnikov, Evgeny E."]
[WhiteElo "2287"]
[BlackElo "2524"]
[Result "1/2-1/2"]
[PlyCount "24"]
[EventDate "2013.08.17"]

1. d4 d5 2. c4 e6 3. Nf3 Nf6 4. g3 dxc4 5. Bg2 Nc6 6. O-O Rb8 7. Nc3 a6 8. e4
b5 9. d5 Nb4 10. b3 cxb3 11. Qxb3 exd5 12. exd5 c5 1/2-1/2

[Event "XXXIII Festival Conca della Presolana Magistrale"]
[Site "Bratto - Castione della Presolana ITA"]
[Date "2013.08.19"]
[Round "3"]
[White "Abasov, Nijat Azad Oglu"]
[Black "Hunt, Adam C."]
[WhiteElo "2492"]
[BlackElo "2430"]
[Result "1-0"]
[PlyCount "65"]
[EventDate "2013.08.17"]

1. c4 Nf6 2. Nc3 d5 3. cxd5 Nxd5 4. Nf3 g6 5. Qc2 Nb6 6. d4 Nc6 7. e4 Bg7 8. d5
Nb4 9. Qb3 Na6 10. Be3 O-O 11. Rd1 Bg4 12. Be2 Qd6 13. O-O c5 14. Rd2 c4 15.
Qd1 Rac8 16. e5 Qb8 17. d6 exd6 18. exd6 Nc5 19. Bf4 Rcd8 20. Nd5 Nxd5 21. Rxd5
Ne6 22. Bg3 b5 23. b3 Bxf3 24. gxf3 cxb3 25. Rxb5 Qa8 26. axb3 Nd4 27. Ra5 Rfe8
28. Bc4 Nxf3+ 29. Kh1 Ne5+ 30. Qd5 Qb8 31. Bxe5 Rxe5 32. Qxf7+ Kh8 33. Rxa7 1-0

[Event "XXXIII Festival Conca della Presolana Magistrale"]
[Site "Bratto - Castione della Presolana ITA"]
[Date "2013.08.19"]
[Round "3"]
[White "Bresciani, Nicola"]
[Black "Sulava, Nenad"]
[WhiteElo "2235"]
[BlackElo "2480"]
[Result "1/2-1/2"]
[PlyCount "48"]
[EventDate "2013.08.17"]

1. e4 c5 2. Nf3 e6 3. d4 cxd4 4. Nxd4 a6 5. Bd3 Nf6 6. O-O d6 7. c4 g6 8. Nc3
Bg7 9. Nf3 Nc6 10. h3 h6 11. Qe2 g5 12. Rd1 Qc7 13. Be3 Nd7 14. Rac1 Nc5 15.
Bb1 O-O 16. Qd2 Rd8 17. Nd5 exd5 18. cxd5 Ne5 19. Nxe5 Bxe5 20. b4 Nxe4 21.
Bxe4 Qe7 22. Bb1 Re8 23. Re1 Bd7 24. h4 gxh4 1/2-1/2

[Event "XXXIII Festival Conca della Presolana Magistrale"]
[Site "Bratto - Castione della Presolana ITA"]
[Date "2013.08.19"]
[Round "3"]
[White "Cebalo, Miso"]
[Black "Xia, Jie"]
[WhiteElo "2440"]
[BlackElo "2287"]
[Result "1-0"]
[PlyCount "119"]
[EventDate "2013.08.17"]

1. c4 Nf6 2. Nc3 g6 3. e4 c5 4. Nf3 Nc6 5. d4 cxd4 6. Nxd4 Nxd4 7. Qxd4 d6 8.
Be2 Bg7 9. Be3 O-O 10. Qd2 a5 11. O-O a4 12. Bd4 Be6 13. Qe3 Nd7 14. Bxg7 Kxg7
15. f4 Qb6 16. Qxb6 Nxb6 17. b3 axb3 18. axb3 Bd7 19. Kf2 Rxa1 20. Rxa1 Ra8 21.
Rxa8 Nxa8 22. Ke3 Nc7 23. e5 Bc6 24. Bf3 Bxf3 25. Kxf3 f5 26. exd6 exd6 27. Ke3
Kf6 28. g3 Ke6 29. Kd4 Na6 30. Nd5 Nc5 31. b4 Ne4 32. Ke3 Kd7 33. g4 Ke6 34.
Nc7+ Kf6 35. g5+ Ke7 36. Nd5+ Ke6 37. h4 Ng3 38. Nf6 h5 39. Nd5 Nf1+ 40. Kd3
Ng3 41. Nc3 Nf1 42. Ke2 Nh2 43. Nb5 Ng4 44. Nd4+ Ke7 45. Nb3 Kd7 46. Nd2 Kc6
47. Nf3 Kd7 48. Kd3 Ke6 49. Kd4 b6 50. Nd2 Nh2 51. Kd3 Kd7 52. Ke3 Ke6 53. Nb3
Ng4+ 54. Ke2 Nh2 55. Nd4+ Kd7 56. Nb5 Kc6 57. Nc3 Ng4 58. Kd3 Nf2+ 59. Kd4 Kb7
60. b5 1-0

[Event "XXXIII Festival Conca della Presolana Magistrale"]
[Site "Bratto - Castione della Presolana ITA"]
[Date "2013.08.19"]
[Round "3"]
[White "David, Alberto"]
[Black "Castaldo, Folco"]
[WhiteElo "2589"]
[BlackElo "2433"]
[Result "1-0"]
[PlyCount "101"]
[EventDate "2013.08.17"]

1. d4 f5 2. Nc3 d5 3. Bf4 a6 4. e3 Nf6 5. Nf3 e6 6. Bd3 c5 7. dxc5 Bxc5 8. O-O
O-O 9. Ne2 Nc6 10. Ned4 Qb6 11. Nb3 Be7 12. c4 Nb4 13. Be2 dxc4 14. Bxc4 Nbd5
15. Bg5 Rd8 16. Qd4 Qxd4 17. Nbxd4 h6 18. Bh4 g5 19. Bg3 g4 20. Ne5 Ne4 21.
Rfd1 Nxg3 22. hxg3 Bf6 23. Bxd5 Rxd5 24. Nc4 Bxd4 25. exd4 Rb8 26. Rac1 Bd7 27.
Ne3 Rd6 28. d5 Rd8 29. Nc4 Rxd5 30. Nb6 Bc6 31. Nxd5 exd5 32. f3 h5 33. Rd4 Kg7
34. Kf2 Kf6 35. Re1 Rc8 36. Re3 Bb5 37. Rc3 Re8 38. Re3 Rc8 39. Rxd5 Rc2+ 40.
Kg1 f4 41. gxf4 g3 42. Re1 Rxb2 43. Rxh5 Rxa2 44. Rg5 Ra4 45. Rxg3 Rxf4 46. Rg8
Kf7 47. Rc8 Bc6 48. Rc7+ Kf6 49. Rce7 Rd4 50. R1e6+ Kf5 51. Kf2 1-0

[Event "XXXIII Festival Conca della Presolana Magistrale"]
[Site "Bratto - Castione della Presolana ITA"]
[Date "2013.08.19"]
[Round "3"]
[White "Ducarmon, Quinten"]
[Black "Sumets, Andrey"]
[WhiteElo "2438"]
[BlackElo "2577"]
[Result "0-1"]
[PlyCount "110"]
[EventDate "2013.08.17"]

1. e4 c6 2. d4 d5 3. exd5 cxd5 4. c4 Nf6 5. Nc3 e6 6. Nf3 Bb4 7. cxd5 Nxd5 8.
Bd2 O-O 9. Bd3 Nc6 10. O-O Be7 11. Nxd5 exd5 12. Qb3 Bf6 13. Bc3 Rb8 14. Rfe1
Be6 15. Qc2 h6 16. Bh7+ Kh8 17. Bf5 Bxf5 18. Qxf5 Qd6 19. Rad1 Rbd8 20. Rd3
Rfe8 21. Rxe8+ Rxe8 22. Re3 Rxe3 23. Qc8+ Qd8 24. Qxd8+ Bxd8 25. fxe3 Kh7 26.
Nd2 f5 27. h3 h5 28. Kf2 g5 29. g4 Kg6 30. gxh5+ Kxh5 31. Kg2 Be7 32. a3 Bd6
33. Nb1 Ne7 34. Be1 f4 35. Bf2 Nf5 36. exf4 Bxf4 37. Nc3 Bc1 38. Nd1 g4 39. a4
Bd2 40. b3 Kg5 41. hxg4 Kxg4 42. Nb2 Bc3 43. Nd3 Bxd4 44. Nb4 Bxf2 45. Kxf2 Ne7
46. Ke3 Kf5 47. Nd3 Nc6 48. b4 d4+ 49. Kd2 Ne5 50. Nc5 b6 51. Nb3 Ke4 52. Nc1
Kd5 53. Ne2 Kc4 54. b5 Nf3+ 55. Kd1 Kb4 0-1

[Event "XXXIII Festival Conca della Presolana Magistrale"]
[Site "Bratto - Castione della Presolana ITA"]
[Date "2013.08.19"]
[Round "3"]
[White "Levin, Felix"]
[Black "Rambaldi, Francesco"]
[WhiteElo "2478"]
[BlackElo "2347"]
[Result "1-0"]
[PlyCount "147"]
[EventDate "2013.08.17"]

1. d4 Nf6 2. Nf3 g6 3. Bf4 Bg7 4. e3 O-O 5. c3 d6 6. h3 Nbd7 7. Be2 b6 8. a4 a6
9. O-O Bb7 10. Na3 Ne4 11. Nc4 Qe8 12. Bh2 e5 13. dxe5 dxe5 14. Nfd2 Ndc5 15.
Qc2 b5 16. Na5 Nxd2 17. Qxd2 Rd8 18. Qc1 Be4 19. axb5 axb5 20. b4 Bd3 21. Bxd3
Nxd3 22. Qc2 e4 23. Rab1 Qe6 24. c4 c6 25. c5 Ra8 26. Bd6 Rfc8 27. Qd2 Qd5 28.
Rfd1 f5 29. Qc2 h5 30. Rb3 Kh7 31. Rbxd3 exd3 32. Rxd3 Qe4 33. Qd2 Ra7 34. f3
Qe8 35. Bf4 Bf8 36. Bd6 Bh6 37. Qe2 Rf7 38. e4 Qe6 39. e5 Bf4 40. Rd4 g5 41. h4
Rg7 42. hxg5 Bxg5 43. f4 Bh6 44. Qxh5 Rcg8 45. Rd2 Rg4 46. Bf8 R8g6 47. Qh3
Rxf4 48. Rd6 Qg8 49. Rd7+ Kh8 50. Bxh6 Rxg2+ 51. Qxg2 Rg4 52. Bg7+ Kh7 53. Bf8+
Kh8 54. Bg7+ Kh7 55. Qxg4 fxg4 56. Bf8+ Kh8 57. Bg7+ Kh7 58. Bf6+ Kh6 59. Nxc6
Qc4 60. Nd4 Qd3 61. c6 Qe3+ 62. Kf1 Qd3+ 63. Kf2 g3+ 64. Kg2 Kh5 65. c7 Qe4+
66. Nf3 Qc6 67. Rg7 Kh6 68. Kxg3 Qc4 69. Rd7 Kh5 70. Rh7+ Kg6 71. Rh8 Qxc7 72.
Nh4+ Kf7 73. Rh7+ Ke6 74. Rxc7 1-0

[Event "XXXIII Festival Conca della Presolana Magistrale"]
[Site "Bratto - Castione della Presolana ITA"]
[Date "2013.08.19"]
[Round "3"]
[White "Madiai, Federico"]
[Black "Qendro, Llambi"]
[WhiteElo "2203"]
[BlackElo "2327"]
[Result "1/2-1/2"]
[PlyCount "109"]
[EventDate "2013.08.17"]

1. e4 d6 2. d4 Nf6 3. f3 g6 4. c4 Bg7 5. Nc3 O-O 6. Nge2 Nc6 7. Be3 a6 8. Qc2
Rb8 9. Rd1 Bd7 10. Nc1 Re8 11. Nb3 b5 12. c5 e5 13. d5 Nd4 14. Nxd4 exd4 15.
Bxd4 b4 16. Ne2 Bb5 17. Kf2 dxc5 18. Bxc5 Nd7 19. Bd4 Ne5 20. Ng3 f5 21. exf5
Qh4 22. Bxb5 Rxb5 23. Qe4 Qd8 24. d6 Qxd6 25. fxg6 hxg6 26. Bxe5 Qxe5 27. Qxe5
Bxe5 28. Rhe1 Bxg3+ 29. Kxg3 Rxe1 30. Rxe1 Ra5 31. Re8+ Kf7 32. Rc8 c5 33. b3
Ke7 34. h4 Kd7 35. Rg8 Rxa2 36. Rxg6 c4 37. bxc4 Kc7 38. c5 Ra5 39. Rb6 Rb5 40.
Rxa6 b3 41. Ra1 Kc6 42. Kg4 Kxc5 43. f4 Kd6 44. f5 b2 45. Rb1 Rb3 46. Kf4 Ke7
47. g4 Kf6 48. g5+ Kf7 49. Kg4 Rb4+ 50. Kh5 Kg7 51. g6 Kf6 52. g7 Kxg7 53. Kg5
Rb3 54. h5 Rb6 55. Kf4 1/2-1/2

[Event "XXXIII Festival Conca della Presolana Magistrale"]
[Site "Bratto - Castione della Presolana ITA"]
[Date "2013.08.19"]
[Round "3"]
[White "Satta, Vladimiro"]
[Black "Janev, Evgeni"]
[WhiteElo "2210"]
[BlackElo "2451"]
[Result "0-1"]
[PlyCount "117"]
[EventDate "2013.08.17"]

1. e4 Nf6 2. e5 Nd5 3. d4 d6 4. c4 Nb6 5. exd6 cxd6 6. Nc3 g6 7. Be3 Bg7 8. Rc1
O-O 9. b3 Re8 10. Be2 Nc6 11. Nf3 Bg4 12. d5 Bxf3 13. Bxf3 Ne5 14. Be2 a5 15.
O-O Ned7 16. f4 Nc5 17. Bd4 Bf6 18. Qd2 Nbd7 19. g4 Qb6 20. Be3 Qb4 21. g5 Bg7
22. Nb5 Qxd2 23. Bxd2 Red8 24. Rfe1 e6 25. dxe6 Nxe6 26. Rcd1 Nd4 27. Nxd4
Bxd4+ 28. Kg2 Nc5 29. Bf3 Rd7 30. Bc1 Bg7 31. Be3 Ne6 32. Kg3 a4 33. Rd3 Bf8
34. b4 Re7 35. Red1 Ng7 36. Bf2 h5 37. Re1 Nf5+ 38. Kg2 Rc7 39. Rc1 Rac8 40.
Bd5 b5 41. Bb6 bxc4 42. Rdc3 Re7 43. Bxc4 Rb8 44. Ba5 Bg7 45. Rd3 Bb2 46. Rb1
a3 47. Kf3 Rc8 48. Bd5 Nd4+ 49. Kg3 Rc2 50. Bb6 Nf5+ 51. Kh3 Ree2 52. Rh1 Bc1
53. Bf3 Re8 54. Bd1 Rxa2 55. Ba4 Ree2 56. Rf3 Rab2 57. Rxa3 Bxf4 58. Bg1 Rxb4
59. Ra1 0-1

[Event "XXXIII Festival Conca della Presolana Magistrale"]
[Site "Bratto - Castione della Presolana ITA"]
[Date "2013.08.19"]
[Round "3"]
[White "Sveshnikov, Evgeny E."]
[Black "Aghayev, Miragha"]
[WhiteElo "2524"]
[BlackElo "2319"]
[Result "1/2-1/2"]
[PlyCount "54"]
[EventDate "2013.08.17"]

1. e4 c5 2. c3 d5 3. exd5 Qxd5 4. d4 Nf6 5. Nf3 Bg4 6. Be2 e6 7. h3 Bh5 8. O-O
Nc6 9. Be3 cxd4 10. cxd4 Bb4 11. Nc3 Qd6 12. g4 Bg6 13. Ne5 Bxc3 14. bxc3 Nd5
15. Qd2 Nxe5 16. dxe5 Qxe5 17. Bb5+ Kf8 18. Bd4 Qf4 19. Qxf4 Nxf4 20. Kh2 a6
21. Ba4 h5 22. g5 h4 23. Rad1 Kg8 24. Be3 Nd5 25. Bd4 Nf4 26. Be3 Nd5 27. Bd4
Nf4 1/2-1/2

[Event "XXXIII Festival Conca della Presolana Magistrale"]
[Site "Bratto - Castione della Presolana ITA"]
[Date "2013.08.19"]
[Round "3"]
[White "Sveshnikov, Vladimir"]
[Black "Colovic, Aleksandar"]
[WhiteElo "2406"]
[BlackElo "2502"]
[Result "0-1"]
[PlyCount "46"]
[EventDate "2013.08.17"]

1. e4 c5 2. c3 d5 3. exd5 Qxd5 4. d4 Nc6 5. Nf3 Bf5 6. Be3 Nf6 7. Na3 cxd4 8.
Nb5 O-O-O 9. Nfxd4 Ng4 10. Nxf5 Qxf5 11. Qf3 Qxf3 12. gxf3 Nxe3 13. fxe3 e5 14.
a4 a6 15. Na3 Bxa3 16. Rxa3 Rd6 17. Rb3 Rhd8 18. Bh3+ Kc7 19. O-O Rg6+ 20. Bg2
Rd2 21. Rf2 Rd1+ 22. Rf1 Rd3 23. e4 Nd4 0-1

[Event "XXXIII Festival Conca della Presolana Magistrale"]
[Site "Bratto - Castione della Presolana ITA"]
[Date "2013.08.20"]
[Round "4"]
[White "Aghayev, Miragha"]
[Black "Formento, Paolo"]
[WhiteElo "2319"]
[BlackElo "2188"]
[Result "1/2-1/2"]
[PlyCount "43"]
[EventDate "2013.08.17"]

1. Nf3 Nf6 2. d4 g6 3. Nc3 d5 4. Bf4 Bg7 5. h3 O-O 6. e3 c6 7. b4 Nbd7 8. Be2
a5 9. b5 Ne4 10. Nxe4 dxe4 11. Nd2 cxb5 12. Bxb5 e5 13. dxe5 Nxe5 14. Nxe4 Qe7
15. Rb1 Be6 16. O-O Bxa2 17. Rc1 Nc4 18. f3 Rfd8 19. Qe1 Rd5 20. Ra1 Rxb5 21.
Rxa2 Rd5 22. Nc3 1/2-1/2

[Event "XXXIII Festival Conca della Presolana Magistrale"]
[Site "Bratto - Castione della Presolana ITA"]
[Date "2013.08.20"]
[Round "4"]
[White "Hunt, Adam C."]
[Black "Bresciani, Nicola"]
[WhiteElo "2430"]
[BlackElo "2235"]
[Result "1-0"]
[PlyCount "51"]
[EventDate "2013.08.17"]

1. e4 c5 2. Nf3 d6 3. d4 cxd4 4. Nxd4 Nf6 5. Nc3 a6 6. Bg5 e6 7. f4 Qc7 8. Qf3
b5 9. O-O-O b4 10. e5 Bb7 11. Qh3 bxc3 12. exf6 cxb2+ 13. Kb1 Bd5 14. c4 Nc6
15. Qe3 Nxd4 16. Qxd4 Rc8 17. fxg7 Be4+ 18. Bd3 Bxg7 19. Qxg7 Qxc4 20. Qxh8+
Kd7 21. Qxb2 Bxd3+ 22. Ka1 d5 23. Rc1 Bc2 24. Rhd1 Qe2 25. Rd4 Qxg2 26. Rb4 1-0

[Event "XXXIII Festival Conca della Presolana Magistrale"]
[Site "Bratto - Castione della Presolana ITA"]
[Date "2013.08.20"]
[Round "4"]
[White "Martinello, Christian"]
[Black "Ducarmon, Quinten"]
[WhiteElo "2185"]
[BlackElo "2438"]
[Result "0-1"]
[PlyCount "56"]
[EventDate "2013.08.17"]

1. d4 d5 2. c4 c6 3. Nf3 Nf6 4. Qc2 dxc4 5. Qxc4 Bg4 6. Nc3 Nbd7 7. e4 Bxf3 8.
gxf3 e5 9. Be3 exd4 10. Bxd4 Bd6 11. O-O-O Qe7 12. Qb3 Nc5 13. Qc2 Bf4+ 14. Be3
Ne6 15. Ne2 Nh5 16. Bh3 O-O 17. Nxf4 Nhxf4 18. Bg4 c5 19. Kb1 Rfd8 20. Rxd8+
Rxd8 21. Rd1 Rxd1+ 22. Qxd1 h5 23. Bxe6 Nxe6 24. Qd5 Qh4 25. Qxb7 Qxh2 26. f4
h4 27. Qc8+ Kh7 28. f5 Qh1+ 0-1

[Event "XXXIII Festival Conca della Presolana Magistrale"]
[Site "Bratto - Castione della Presolana ITA"]
[Date "2013.08.20"]
[Round "4"]
[White "Rambaldi, Francesco"]
[Black "Madiai, Federico"]
[WhiteElo "2347"]
[BlackElo "2203"]
[Result "1-0"]
[PlyCount "80"]
[EventDate "2013.08.17"]

1. e4 c6 2. d4 d5 3. Nc3 dxe4 4. Nxe4 Nd7 5. Ng5 h6 6. Ne6 Qb6 7. Nxf8 Nxf8 8.
c3 Bf5 9. Nf3 Ng6 10. Bc4 Nf6 11. O-O O-O 12. Qe2 Nd5 13. Ne5 Nxe5 14. Qxe5 e6
15. Re1 Rfd8 16. Bf1 a5 17. Qg3 Kh8 18. b3 Qc7 19. Qf3 b6 20. a3 a4 21. b4 b5
22. c4 bxc4 23. Bxc4 Qd6 24. Bb2 Rdb8 25. Rac1 Bg6 26. Bf1 Rb6 27. Rc5 Nf6 28.
g3 Kg8 29. Bg2 Nd5 30. Rec1 Ra7 31. Qe2 Ne7 32. Bc3 Raa6 33. Qc4 f6 34. Ra5
Rxa5 35. bxa5 Rb3 36. Bb4 Qd7 37. Bxe7 Qxe7 38. a6 Bd3 39. Qxc6 Rxa3 40. Qb7
Qd6 1-0

[Event "XXXIII Festival Conca della Presolana Magistrale"]
[Site "Bratto - Castione della Presolana ITA"]
[Date "2013.08.20"]
[Round "4"]
[White "Salmoiraghi, Angelo"]
[Black "Sveshnikov, Vladimir"]
[WhiteElo "2176"]
[BlackElo "2406"]
[Result "1/2-1/2"]
[PlyCount "82"]
[EventDate "2013.08.17"]

1. c4 e6 2. g3 d5 3. Bg2 dxc4 4. Qa4+ Nd7 5. Qxc4 c5 6. Qb3 Ngf6 7. Nf3 Qc7 8.
d3 b6 9. O-O Bb7 10. a4 Be7 11. Na3 O-O 12. Bd2 a6 13. Rfc1 Rfc8 14. Qd1 Bc6
15. Nc4 Qb7 16. Bf4 Rd8 17. Qf1 Nd5 18. Nfe5 Nxe5 19. Nxe5 Be8 20. Nc4 b5 21.
axb5 axb5 22. Ne3 Bc6 23. Nxd5 Bxd5 24. Be3 c4 25. dxc4 Rxa1 26. Rxa1 bxc4 27.
Ra7 Qb4 28. Bxd5 exd5 29. Bd4 Bc5 30. Bxc5 Qxc5 31. Qa1 g6 32. Qa3 Qxa3 33.
Rxa3 Rb8 34. Ra2 Kg7 35. Kf1 Kf6 36. Ke1 Ke5 37. Kd2 g5 38. Kc2 Rb6 39. Ra7 Rf6
40. f3 h5 41. Kc3 h4 1/2-1/2

[Event "XXXIII Festival Conca della Presolana Magistrale"]
[Site "Bratto - Castione della Presolana ITA"]
[Date "2013.08.20"]
[Round "4"]
[White "Sulava, Nenad"]
[Black "Cebalo, Miso"]
[WhiteElo "2480"]
[BlackElo "2440"]
[Result "0-1"]
[PlyCount "102"]
[EventDate "2013.08.17"]

1. d4 Nf6 2. c4 c5 3. d5 e6 4. Nc3 exd5 5. cxd5 d6 6. Nf3 g6 7. g3 Bg7 8. Bg2
O-O 9. O-O b6 10. Bf4 Na6 11. Re1 Nc7 12. a4 Nh5 13. Bg5 f6 14. Bd2 f5 15. Qb3
f4 16. e3 fxg3 17. hxg3 Bg4 18. Nh2 Bd7 19. e4 Qf6 20. Re2 Rae8 21. Rae1 Qd4
22. Be3 Qb4 23. Qc2 b5 24. axb5 Nxb5 25. Nxb5 Bxb5 26. Rd2 Ba4 27. Qc1 Nf6 28.
Bf4 Nxe4 29. Bxe4 Rxe4 30. Rxe4 Qxe4 31. Bxd6 Rc8 32. Bf4 c4 33. d6 Bd7 34. f3
Qf5 35. Ng4 g5 36. Ne3 Qf7 37. Bxg5 Qxf3 38. Nd5 Kh8 39. Bf4 Rc5 40. Qf1 Qe4
41. Ne3 c3 42. bxc3 Rxc3 43. Ng2 Rb3 44. Kh2 Qe6 45. Nh4 a5 46. Re2 Rb2 47.
Rxb2 Bxb2 48. Be5+ Bxe5 49. Qf8+ Qg8 50. Ng6+ hxg6 51. Qh6+ Qh7 0-1

[Event "XXXIII Festival Conca della Presolana Magistrale"]
[Site "Bratto - Castione della Presolana ITA"]
[Date "2013.08.20"]
[Round "4"]
[White "Sumets, Andrey"]
[Black "Abasov, Nijat Azad Oglu"]
[WhiteElo "2577"]
[BlackElo "2492"]
[Result "1-0"]
[PlyCount "53"]
[EventDate "2013.08.17"]

1. d4 Nf6 2. c4 e6 3. g3 d5 4. Nf3 dxc4 5. Bg2 a6 6. O-O Nc6 7. e3 Nd5 8. Qe2
b5 9. Rd1 Nb6 10. Ne5 Nxe5 11. Bxa8 Nxa8 12. dxe5 Bd7 13. a4 Nb6 14. Nc3 Qb8
15. e4 bxa4 16. Be3 Be7 17. Qg4 g6 18. Bh6 Bc6 19. Qf4 a5 20. Rd4 Rg8 21. Bg5
Bc5 22. Rd8+ Qxd8 23. Bxd8 Kxd8 24. Qxf7 Rf8 25. Qxe6 Bd7 26. Rd1 Rxf2 27. Qc6
1-0

[Event "XXXIII Festival Conca della Presolana Magistrale"]
[Site "Bratto - Castione della Presolana ITA"]
[Date "2013.08.21"]
[Round "5"]
[White "Abasov, Nijat Azad Oglu"]
[Black "Ranieri, Fabrizio"]
[WhiteElo "2492"]
[BlackElo "2246"]
[Result "1-0"]
[PlyCount "47"]
[EventDate "2013.08.17"]

1. e4 e6 2. d4 d5 3. Nc3 Nf6 4. Bg5 Be7 5. e5 Nfd7 6. Bxe7 Qxe7 7. f4 O-O 8.
Nf3 c5 9. Qd2 Nc6 10. dxc5 Nxc5 11. Qe3 b6 12. Bb5 Bb7 13. Bxc6 Bxc6 14. O-O
Bb7 15. Nd4 f5 16. exf6 Rxf6 17. Nf3 Nd7 18. Rfe1 Qc5 19. g3 a6 20. Rad1 Qb4
21. Rb1 Rc8 22. a3 Qd6 23. Rbd1 b5 24. Ne4 1-0

[Event "XXXIII Festival Conca della Presolana Magistrale"]
[Site "Bratto - Castione della Presolana ITA"]
[Date "2013.08.21"]
[Round "5"]
[White "Aghayev, Miragha"]
[Black "Satta, Vladimiro"]
[WhiteElo "2319"]
[BlackElo "2210"]
[Result "1-0"]
[PlyCount "77"]
[EventDate "2013.08.17"]

1. e4 c5 2. Nf3 e6 3. d4 cxd4 4. Nxd4 a6 5. Bd3 Bc5 6. Nb3 Be7 7. O-O d6 8. Qg4
g6 9. Qe2 Nd7 10. c4 Qc7 11. Nc3 b6 12. Nd4 Bb7 13. Be3 Ngf6 14. f4 O-O 15.
Rac1 Rfe8 16. b4 Rac8 17. g4 Qb8 18. g5 Nh5 19. Qg4 Bf8 20. Nde2 Rcd8 21. a3 d5
22. cxd5 exd5 23. e5 Bg7 24. Nd4 Nxe5 25. fxe5 Bxe5 26. Qf3 Bxh2+ 27. Kg2 Rxe3
28. Qxe3 Bf4 29. Rxf4 Nxf4+ 30. Kf3 Nh5 31. Nce2 Re8 32. Qg1 Qd6 33. Qg4 Qe5
34. Kg2 Qe3 35. Rc7 Qxd3 36. Rxb7 Re5 37. Qf3 Rxg5+ 38. Kf2 Qe4 39. Qxf7+ 1-0

[Event "XXXIII Festival Conca della Presolana Magistrale"]
[Site "Bratto - Castione della Presolana ITA"]
[Date "2013.08.21"]
[Round "5"]
[White "Cebalo, Miso"]
[Black "Colovic, Aleksandar"]
[WhiteElo "2440"]
[BlackElo "2502"]
[Result "0-1"]
[PlyCount "86"]
[EventDate "2013.08.17"]

1. c4 e5 2. g3 Nf6 3. Bg2 Nc6 4. Nc3 Bc5 5. Nf3 d6 6. d3 h6 7. O-O O-O 8. a3 a5
9. b3 Nd4 10. Nd2 c6 11. e3 Bg4 12. Nf3 Nxf3+ 13. Bxf3 Bxf3 14. Qxf3 d5 15.
cxd5 cxd5 16. Bb2 Re8 17. Rac1 Rc8 18. Nb5 Qd7 19. a4 Rc6 20. e4 b6 21. Kg2 Ng4
22. Qf5 Qxf5 23. exf5 h5 24. h3 Nh6 25. Rfe1 e4 26. f6 Nf5 27. dxe4 dxe4 28.
Rc4 e3 29. Rf4 g6 30. g4 hxg4 31. hxg4 Nh4+ 32. Kg3 g5 33. Rc4 Rce6 34. f3 e2
35. Bd4 Bb4 36. Nc3 Re3 37. Bxe3 Rxe3 38. Rxe2 Rxf3+ 39. Kh2 Bxc3 40. Rc6 Bd4
41. Re4 Rf2+ 42. Kh3 Rf3+ 43. Kh2 Rxb3 0-1